| 000 | 00662nam a2200193 i 4500 | ||
|---|---|---|---|
| 001 | 120770 | ||
| 003 | ES-MaACL | ||
| 005 | 20250722022926.0 | ||
| 007 | t| | ||
| 008 | 070214m19501953sp r ||||1| spa d | ||
| 100 | 1 |
_aPrados López, José. _993642 |
|
| 245 | 1 | 0 |
_aArte español _b: críticas radiadas en la Emisora Radio España de Madrid / _cJosé Prados López. |
| 260 |
_aMadrid : _b[s. n.], _c1950-53 ( _fImp. Samarán) |
||
| 300 |
_a3 v. ; _c27 cm. |
||
| 505 | 8 | _aContiene: v. I: Año 1946 - 1948 -- v. II: Año 1949 - 1950 -- v. III: Año 1950 - 1952 | |
| 650 | 0 | 7 |
_aArte español _2embne _910189 |
| 852 |
_aES-MaACL _jP-984 |
||
| 999 |
_c120770 _d120770 |
||